00418 2200169 4500001002100000005001500021008004100036020000600077035001900083041000700102082001000109090001900119100001500138245004800153260001600201300003100217INLIS00000000000242920220725120557220725||||||||| | ||| |||| || |  a- 0010-0722002429 aid0 a635.5 a635.5Soe m C.20 aSOEWITO M.00aMemanfaatkan lahan-6 bercocok tanam seledri aDepokc1991 ap,.;Pig,.;67,.;Bil,.;21 Cm